|
|
|
|
| LEADER |
00000cam a2200000 a 4500 |
| 001 |
vtls001226666 |
| 003 |
SK-MaSNL |
| 005 |
20260301154701.0 |
| 008 |
240226s1927 pl 000 f pol |
| 020 |
|
|
|c 132,00
|
| 035 |
|
|
|a SNK000173668
|
| 035 |
|
|
|a urn:nbn:sk:snk-am3hocx
|
| 035 |
|
|
|a F5260A4D-6377-49D4-9084-7A992ADEDCC1
|
| 035 |
|
|
|a urn:nbn:sk:snk-am00cvb4
|
| 040 |
|
|
|a SNK
|b slo
|c SNK
|e AACR2
|
| 041 |
0 |
|
|a pol
|
| 044 |
|
|
|a pl
|c PL
|
| 080 |
|
|
|a 885.4-3 Royová, Kristína=84
|2 1981
|
| 100 |
1 |
|
|a Royová, Kristína,
|d 1860-1936
|4 aut
|9 87520
|
| 245 |
1 |
|
|a Na wygnaniu, czyli, Zwycięstwo wiary i ofiary
|b powieść
|c Kr. Rojówna
|
| 260 |
|
|
|a Cieszyn
|b Wydawnictwo Bibljoteki Chrześcijańskiej
|c [1927?]
|
| 300 |
|
|
|a 164 s.
|b 15 cm
|
| 490 |
1 |
|
|a Bibljoteka Chrześcijańska
|v nr. 10
|
| 650 |
0 |
7 |
|a slovenské poviedky
|2 SNKPH
|9 111049
|
| 830 |
|
0 |
|a Bibljoteka Chrześcijańska
|9 517914
|
| 958 |
|
|
|a ONDV
|
| 999 |
|
|
|c 797709
|d 799639
|
| 952 |
|
|
|t P60, <03>, [BOOK], {603}
|a SNK
|b SNK
|y PREZ
|7 0
|p 17A0003237
|o snkSE 9091
|i snkK 347/96
|0 0
|1 0
|4 0
|d 1996-04-19
|f 1
|l 0
|r 2005-01-01 00:00:00
|w 2026-02-24
|